| Поле | Инд. | ПП | Название | Значение |
|---|---|---|---|---|
| Тип записи | a | |||
| Библиографический уровень | b | |||
| 001 | Контрольный номер | RU/IS/BASE/185546148 | ||
| 005 | Дата корректировки | 20220715140337.5 | ||
| 008 | Кодируемые данные | 20051117 | ||
| 084 | a | Индекс другой классификации/Индекс ББК | 66.4(5Кит),9; 66.4(2Рос),9 | |
| a | Индекс другой классификации/Индекс ББК | 63.3(5Кит)-6 | ||
| 100 | 1_ | a | Автор | Ван Лицзю |
| 245 | a | Заглавие | О роли идейной традиции добрососедства во внешней политике современного Китая | |
| 504 | a | Библиография | Библиогр. ссылки. - Примеч. | |
| 650 | a | Основная рубрика | внешняя политика | |
| a | Основная рубрика | история | ||
| a | Основная рубрика | международные отношения | ||
| a | Основная рубрика | политика | ||
| 653 | a | Ключевые слова | внешнеполитическая стратегия | |
| a | Ключевые слова | история международных отношений | ||
| a | Ключевые слова | Китай | ||
| a | Ключевые слова | российско-китайские отношения | ||
| a | Ключевые слова | Россия | ||
| 773 | t | Заглавие источника | Вестник Московского университета. Серия 18, Социология и политология | |
| d | Дата издания источника | 2005 | ||
| g | Прочая информация | № 2. - С. 57 - 71 | ||
| w | Контрольный № источника | RU/IS/BASE/177609356 | ||
| 901 | t | Тип документа | b |